[Event "C.to Mondiale U16 femminile"]
[Site "Caldas Novas BRA"]
[Date "2011.11.20"]
[Round "3"]
[White "Movileanu, Daniela"]
[Black "Salazar, Aura Cristina"]
[Result "0-1"]
[WhiteElo "2041"]
[BlackElo "2237"]
[PlyCount "46"]
[EventDate "2011.11.18"]

1. e4 c5 2. Nf3 d6 3. d4 cxd4 4. Nxd4 Nf6 5. Nc3 g6 6. Be3 Bg7 7. Be2 O-O 8.
O-O Nc6 9. Nb3 Be6 10. f4 Qc8 11. Kh1 Rd8 12. Bf3 Bc4 13. Rf2 e5 14. Rd2 exf4
15. Bxf4 Ne5 16. Rxd6 Rxd6 17. Qxd6 Nxf3 18. gxf3 Nh5 19. Nd2 Qh3 20. Be3 Bxc3
21. bxc3 Be2 22. Qd4 Bxf3+ 23. Nxf3 Ng3+ 0-1

[Event "C.to Mondiale U16 femminile"]
[Site "Caldas Novas BRA"]
[Date "2011.11.23"]
[Round "6"]
[White "Oliveira, Maria Ines"]
[Black "Movileanu, Daniela"]
[Result "1/2-1/2"]
[WhiteElo "1870"]
[BlackElo "2041"]
[PlyCount "38"]
[EventDate "2011.11.18"]

1. e4 c5 2. Nf3 d6 3. d4 cxd4 4. Nxd4 Nf6 5. Nc3 a6 6. Bg5 e6 7. Qf3 h6 8. Be3
Nbd7 9. Qg3 Nc5 10. f3 b5 11. Rd1 Qc7 12. Bxb5+ axb5 13. Ndxb5 Qb6 14. Nxd6+
Bxd6 15. Qxd6 Qxd6 16. Rxd6 Ncd7 17. Rd1 O-O 18. Rc1 Ne5 19. b3 Ba6 1/2-1/2

[Event "C.to Mondiale U18"]
[Site "Caldas Novas BRA"]
[Date "2011.11.20"]
[Round "3"]
[White "Caprio, Guido"]
[Black "Cutipa Loayza, Elfer"]
[Result "1-0"]
[WhiteElo "2354"]
[BlackElo "2114"]
[PlyCount "30"]
[EventDate "2011.11.18"]

1. d4 d5 2. c4 e6 3. Nf3 Nf6 4. g3 c5 5. cxd5 exd5 6. Bg2 Nc6 7. O-O Be7 8. Nc3
O-O 9. dxc5 Bxc5 10. Na4 Be7 11. Be3 Bg4 12. Rc1 Re8 13. Nd4 Qd7 14. Re1 Bb4
15. Nc5 15... Qe7 {...} 1-0

[Event "C.to Mondiale U18"]
[Site "Caldas Novas BRA"]
[Date "2011.11.24"]
[Round "7"]
[White "Caprio, Guido"]
[Black "Gusain, Himal"]
[Result "0-1"]
[WhiteElo "2354"]
[BlackElo "2226"]
[PlyCount "74"]
[EventDate "2011.11.18"]

1. d4 d5 2. c4 e6 3. Nf3 c6 4. Qc2 dxc4 5. Qxc4 b5 6. Qc2 Bb7 7. Bg5 Qb6 8.
Nbd2 Nd7 9. e3 c5 10. a4 bxa4 11. Qxa4 Bc6 12. Qa6 h6 13. Bh4 Ngf6 14. Qxb6
axb6 15. Rxa8+ Bxa8 16. Bb5 cxd4 17. Bxf6 gxf6 18. Ke2 d3+ 19. Kxd3 Kd8 20. Ke2
Nb8 21. Ra1 Bb7 22. Ra4 Bd6 23. Ne4 Be7 24. Nc3 Nc6 25. Rc4 Na7 26. Rd4+ Kc8
27. Bd7+ Kb8 28. Ke1 Nc6 29. Rc4 Ne5 30. Nxe5 fxe5 31. f3 Rg8 32. Kf2 Rd8 33.
Bc6 Rd2+ 34. Kg3 Rxb2 35. Be8 Rc2 36. Ba4 Rc1 37. Bb5 Bc5 0-1

[Event "C.to Mondiale U18 femminile"]
[Site "Caldas Novas BRA"]
[Date "2011.11.20"]
[Round "3"]
[White "Racki, Barbara"]
[Black "Palmitessa, Chiara"]
[Result "1/2-1/2"]
[WhiteElo "1887"]
[BlackElo "1967"]
[PlyCount "94"]
[EventDate "2011.11.18"]

1. e4 e5 2. Nf3 Nc6 3. d4 exd4 4. Nxd4 Nf6 5. Nc3 Bb4 6. Nxc6 bxc6 7. Bd3 d5 8.
exd5 cxd5 9. O-O O-O 10. Bg5 c6 11. Qf3 Be7 12. Rae1 h6 13. Bxh6 gxh6 14. Qe3
Kg7 15. Qxe7 Qxe7 16. Rxe7 Be6 17. Rc7 Rfc8 18. Rxc8 Rxc8 19. Ne2 c5 20. Nf4
Bd7 21. c4 d4 22. Re1 Rb8 23. b3 a5 24. Re5 a4 25. Bc2 axb3 26. axb3 Ra8 27.
Kf1 Ra2 28. Bd1 Ra1 29. Ke1 Ng4 30. Rxc5 Nxf2 31. Kxf2 Rxd1 32. h3 Rb1 33. Rd5
Rb2+ 34. Ke1 Bc6 35. Rxd4 Rxb3 36. Rd6 Be4 37. Nh5+ Kf8 38. Rxh6 Bxg2 39. Nf4
Be4 40. Kd2 Ke7 41. Nd5+ Bxd5 42. cxd5 f6 43. d6+ Kxd6 44. Rxf6+ Ke5 45. Rh6
Kf4 46. Ke2 Kg3 47. Rh8 Rb2+ 1/2-1/2

[Event "C.to Mondiale U18 femminile"]
[Site "Caldas Novas BRA"]
[Date "2011.11.22"]
[Round "5"]
[White "Medeiros, Thauane Ferreira"]
[Black "Palmitessa, Chiara"]
[Result "0-1"]
[WhiteElo "1798"]
[BlackElo "1967"]
[PlyCount "38"]
[EventDate "2011.11.18"]

1. d4 Nf6 2. Bg5 Ne4 3. h4 c5 4. c3 cxd4 5. Qxd4 Nxg5 6. hxg5 Nc6 7. Qd1 g6 8.
f4 Bg7 9. Nf3 d5 10. e3 a6 11. Qb3 e5 12. Be2 d4 13. exd4 exd4 14. Na3 dxc3 15.
bxc3 O-O 16. O-O Qa5 17. Rac1 Qc5+ 18. Rf2 Nd4 19. Rc2 Nxb3 0-1

[Event "C.to Mondiale U18 femminile"]
[Site "Caldas Novas BRA"]
[Date "2011.11.23"]
[Round "6"]
[White "Palmitessa, Chiara"]
[Black "Visalatchi, R."]
[Result "1/2-1/2"]
[WhiteElo "1967"]
[BlackElo "1940"]
[PlyCount "89"]
[EventDate "2011.11.18"]

1. e4 c5 2. Nf3 e6 3. d4 cxd4 4. Nxd4 a6 5. Nc3 Qc7 6. Bd3 Nf6 7. O-O b5 8. Qe2
Bb7 9. a3 d6 10. Kh1 Nbd7 11. f4 Rc8 12. Bd2 Nb6 13. e5 Nfd5 14. Nxd5 Bxd5 15.
Rae1 dxe5 16. fxe5 Nc4 17. Bc1 h5 18. Nf3 Be7 19. c3 Rd8 20. Ng5 Bxg5 21. Bxg5
Rd7 22. Bb1 Qb7 23. Rf2 Na5 24. h3 Nb3 25. Kh2 Nc5 26. Qe3 Na4 27. Qg3 g6 28.
Bf6 Rg8 29. Qg5 Nc5 30. Qh6 Ne4 31. Bxe4 Bxe4 32. Qh7 Rf8 33. Bg7 Qd5 34. Bxf8
Qxe5+ 35. Kg1 Kxf8 36. Qh6+ Ke8 37. Qe3 f5 38. Rd2 Rxd2 39. Qxd2 Qd5 40. Qh6
Kf7 41. Qh7+ Kf6 42. Qh8+ Kf7 43. Qh7+ Kf6 44. Qh8+ Kf7 45. Qh7+ 1/2-1/2

[Event "XIV Weekend U16"]
[Site "Porto Sant'Elpidio ITA"]
[Date "2011.11.19"]
[Round "1"]
[White "De Paolis, Diego"]
[Black "Cocciaretto, Alessia"]
[Result "1/2-1/2"]
[WhiteElo "1551"]
[BlackElo "1407"]
[PlyCount "75"]
[EventDate "2011.11.19"]

1. e4 Nc6 2. Bc4 Nf6 3. Nc3 e5 4. d3 h6 5. f4 Bc5 6. Nf3 d6 7. f5 O-O 8. Qe2
Na5 9. Bd5 c6 10. Bb3 Nxb3 11. axb3 Qe7 12. Be3 Bxe3 13. Qxe3 d5 14. exd5 cxd5
15. Qxe5 Qxe5+ 16. Nxe5 Bxf5 17. O-O Bh7 18. Ra5 Rfd8 19. Rb5 b6 20. Nc6 Rd7
21. Ra1 Rc8 22. Rxa7 Rxa7 23. Nxa7 Rc7 24. Rxb6 Nd7 25. Ra6 d4 26. Ncb5 Rxc2
27. Nxd4 Bxd3 28. Rd6 Rc7 29. Nab5 Bxb5 30. Nxb5 Rb7 31. Kf2 Rxb5 32. Rxd7 Rxb3
33. Rd2 g5 34. g3 Kg7 35. Kg2 f5 36. Kh3 h5 37. Rd7+ Kf6 38. Rd6+ 1/2-1/2

[Event "XIV Weekend U16"]
[Site "Porto Sant'Elpidio ITA"]
[Date "2011.11.19"]
[Round "1"]
[White "Giacobbi, Alessio"]
[Black "Cocciaretto, Luca"]
[Result "1-0"]
[WhiteElo "1308"]
[BlackElo "1548"]
[PlyCount "87"]
[EventDate "2011.11.19"]

1. e4 c5 2. Nc3 d6 3. Nf3 Nf6 4. Bc4 e6 5. d4 cxd4 6. Nxd4 Be7 7. O-O O-O 8.
Be3 Bd7 9. Qd2 Nc6 10. Rad1 Nxd4 11. Bxd4 e5 12. Be3 Bc6 13. Bd5 Bxd5 14. Nxd5
Nxe4 15. Qd3 Nf6 16. Nxe7+ Qxe7 17. Bg5 Rfd8 18. Qb3 h6 19. Bxf6 gxf6 20. Rd5
Qe6 21. Rfd1 Rd7 22. Qg3+ Kh7 23. Qd3+ Kh8 24. Rxd6 Rad8 25. Rxd7 Rxd7 26. Qxd7
Qxd7 27. Rxd7 Kg7 28. Rxb7 Kg6 29. Rxa7 h5 30. Ra4 f5 31. c4 Kg5 32. g3 Kg4 33.
c5+ f4 34. Kg2 f5 35. h3+ Kg5 36. f3 fxg3 37. Kxg3 f4+ 38. Kf2 Kh4 39. c6 Kxh3
40. c7 h4 41. c8=Q+ Kh2 42. Qc1 e4 43. Qg1+ Kh3 44. Qg2# 1-0

[Event "XIV Weekend U16"]
[Site "Porto Sant'Elpidio ITA"]
[Date "2011.11.19"]
[Round "1"]
[White "Graziosi Spantigati, Lorenzo"]
[Black "Copponi, Alice"]
[Result "1/2-1/2"]
[WhiteElo "1458"]
[BlackElo "1563"]
[PlyCount "27"]
[EventDate "2011.11.19"]

1. e4 d6 2. Nc3 Nf6 3. Nf3 Bg4 4. Be2 g6 5. h3 Bd7 6. Bc4 Nc6 7. a3 Bg7 8. b4
Nxe4 9. Bb2 Nxc3 10. Bxc3 Bxc3 11. dxc3 a6 12. Bb3 O-O 13. O-O e5 14. Qd2
1/2-1/2

[Event "XIV Weekend U16"]
[Site "Porto Sant'Elpidio ITA"]
[Date "2011.11.20"]
[Round "2"]
[White "Cocciaretto, Luca"]
[Black "De Paolis, Diego"]
[Result "0-1"]
[WhiteElo "1548"]
[BlackElo "1551"]
[PlyCount "40"]
[EventDate "2011.11.19"]

1. e4 d5 2. exd5 Qxd5 3. Nf3 Bg4 4. Be2 Nc6 5. c4 Qa5 6. Nc3 O-O-O 7. d4 Bxf3
8. Bxf3 Nxd4 9. Be3 Nxf3+ 10. Qxf3 e6 11. Qxf7 Qf5 12. Qxf5 exf5 13. O-O Nf6
14. Rad1 Bd6 15. Bg5 Be5 16. Na4 h6 17. f4 Bd4+ 18. Kh1 hxg5 19. fxg5 Ng4 20.
Rb1 Rxh2# 0-1

[Event "XIV Weekend U16"]
[Site "Porto Sant'Elpidio ITA"]
[Date "2011.11.20"]
[Round "2"]
[White "Copponi, Alice"]
[Black "Cocciaretto, Alessia"]
[Result "1/2-1/2"]
[WhiteElo "1563"]
[BlackElo "1407"]
[PlyCount "29"]
[EventDate "2011.11.19"]

1. d4 Nf6 2. c4 e6 3. Bg5 Be7 4. Nc3 O-O 5. e4 h6 6. Bxf6 Bxf6 7. Nf3 Nc6 8.
Be2 d6 9. O-O e5 10. d5 Ne7 11. h3 c6 12. Qd3 cxd5 13. cxd5 Qb6 14. Qb5 Qc7 15.
Rfc1 1/2-1/2

[Event "XIV Weekend U16"]
[Site "Porto Sant'Elpidio ITA"]
[Date "2011.11.20"]
[Round "2"]
[White "Di Sante, Alessandro"]
[Black "Giacobbi, Alessio"]
[Result "1-0"]
[WhiteElo "1299"]
[BlackElo "1308"]
[PlyCount "105"]
[EventDate "2011.11.19"]

1. d4 d5 2. e3 Nf6 3. Nd2 Nc6 4. c3 e5 5. dxe5 Nxe5 6. Ngf3 Bg4 7. Be2 Bxf3 8.
Bxf3 Nd3+ 9. Ke2 Nxc1+ 10. Rxc1 Bc5 11. c4 c6 12. cxd5 Nxd5 13. Rxc5 Qd6 14.
Rc4 O-O 15. Ne4 Qe5 16. Rd4 Rad8 17. Nc5 Nf4+ 18. Kf1 Qxc5 19. Rxd8 Qc4+ 20.
Kg1 Qc5 21. exf4 Qe7 22. Rd3 Re8 23. Re3 Qd8 24. Qxd8 Rxd8 25. Kf1 g6 26. Ke2
Rd6 27. Re7 Kg7 28. Re1 Rf6 29. g3 b5 30. Rxa7 Re6+ 31. Kf1 Rf6 32. Rc7 Rd6 33.
Rxc6 Rd8 34. h4 Rf8 35. h5 gxh5 36. Bxh5 h6 37. Re7 Kg8 38. Rxh6 Kg7 39. Rb6
Kg8 40. Rbb7 Kg7 41. Rxf7+ Rxf7 42. Rxf7+ Kh6 43. g4 b4 44. Rf6+ Kg7 45. g5 Kh7
46. Rg6 b3 47. axb3 Kh8 48. f5 Kh7 49. f6 Kh8 50. f7 Kh7 51. b4 Kh8 52. f8=Q+
Kh7 53. Qg8# 1-0

[Event "XIV Weekend U16"]
[Site "Porto Sant'Elpidio ITA"]
[Date "2011.11.20"]
[Round "3"]
[White "Cocciaretto, Alessia"]
[Black "Graziosi Spantigati, Lorenzo"]
[Result "1/2-1/2"]
[WhiteElo "1407"]
[BlackElo "1458"]
[PlyCount "25"]
[EventDate "2011.11.19"]

1. e4 e5 2. Nf3 Nc6 3. d4 d6 4. Be3 f5 5. Qd3 g6 6. a3 Bg7 7. d5 Nce7 8. Nc3
Nf6 9. O-O-O Bd7 10. Be2 a6 11. Nd2 f4 12. Bxf4 exf4 13. Rhe1 1/2-1/2

[Event "XIV Weekend U16"]
[Site "Porto Sant'Elpidio ITA"]
[Date "2011.11.20"]
[Round "3"]
[White "De Paolis, Diego"]
[Black "Di Sante, Alessandro"]
[Result "1-0"]
[WhiteElo "1551"]
[BlackElo "1299"]
[PlyCount "53"]
[EventDate "2011.11.19"]

1. e4 e5 2. Nf3 Nc6 3. d4 d5 4. Nxe5 Bd6 5. Nxc6 bxc6 6. e5 Be7 7. c4 c5 8. Nc3
cxd4 9. Qxd4 c6 10. cxd5 cxd5 11. Qxd5 Qxd5 12. Nxd5 Bd8 13. Bg5 Ba5+ 14. b4
Bd8 15. Bxd8 Kxd8 16. O-O-O Ke8 17. Nc7+ Ke7 18. Nxa8 Bb7 19. Nc7 Nh6 20. Bb5
Rd8 21. Rxd8 Kxd8 22. Na6 Bxg2 23. Rg1 Bd5 24. Rxg7 Bxa2 25. Rxh7 Nf5 26. Rh8+
Ke7 27. Re8# 1-0

[Event "XIV Weekend U16"]
[Site "Porto Sant'Elpidio ITA"]
[Date "2011.11.20"]
[Round "3"]
[White "Giacobbi, Alessio"]
[Black "Copponi, Alice"]
[Result "0-1"]
[WhiteElo "1308"]
[BlackElo "1563"]
[PlyCount "76"]
[EventDate "2011.11.19"]

1. e4 d6 2. d4 Nf6 3. Nc3 Nc6 4. Nf3 Bg4 5. Bb5 a6 6. Be2 e5 7. Be3 b5 8. O-O
b4 9. Nd5 Nxe4 10. Qd3 Nf6 11. Nxf6+ Qxf6 12. Qe4 Bd7 13. Bg5 Qf5 14. Bd3 Qxe4
15. Bxe4 f6 16. Be3 f5 17. Bd5 Rb8 18. dxe5 Nxe5 19. Nd4 c5 20. Ne6 Bb5 21.
Nc7+ Kd7 22. Nxb5 Rxb5 23. f4 Ng4 24. Rfe1 Be7 25. c4 bxc3 26. bxc3 Bf6 27. c4
Ra5 28. Rad1 Nxe3 29. Rxe3 Bd4 30. Be6+ Kc7 31. Rxd4 cxd4 32. Re2 Re8 33. Kf2
d3 34. Re3 Rxa2+ 35. Kf3 d2 36. Ke2 Rb8 37. c5 Rb1 38. Bb3 d1=Q# 0-1

[Event "XIV Weekend U16"]
[Site "Porto Sant'Elpidio ITA"]
[Date "2011.11.26"]
[Round "4"]
[White "Cocciaretto, Alessia"]
[Black "Di Sante, Alessandro"]
[Result "1-0"]
[WhiteElo "1407"]
[BlackElo "1299"]
[PlyCount "121"]
[EventDate "2011.11.19"]

1. e4 e5 2. Nf3 Nc6 3. d4 f6 4. d5 Nce7 5. Nc3 d6 6. Bc4 c6 7. O-O b5 8. Bb3 a5
9. a3 a4 10. Ba2 Ba6 11. Re1 Bb7 12. Be3 f5 13. Bg5 h6 14. Bxe7 Bxe7 15. Qd3
Nf6 16. exf5 Ba6 17. Qd2 Qb6 18. dxc6 Qxc6 19. Nd5 Rc8 20. Nb4 Qb6 21. Qe3 Qxe3
22. Rxe3 Bb7 23. h3 e4 24. Nd4 d5 25. Nxb5 Bxb4 26. axb4 Rxc2 27. Nd6+ Kd7 28.
Nxb7 Rxb2 29. Nc5+ Ke8 30. Ra3 Rxb4 31. Rxa4 Rxa4 32. Nxa4 Kf7 33. Nb6 Rd8 34.
Rd1 g6 35. fxg6+ Kxg6 36. Nxd5 Kf5 37. Ne7+ Ke5 38. Rxd8 h5 39. Nc6+ Kf5 40.
Bd5 h4 41. Bxe4+ Nxe4 42. Nd4+ Ke5 43. Nf3+ Ke6 44. Nxh4 Kf6 45. g3 Ke7 46. Ra8
Kd6 47. Nf3 Kd5 48. h4 Nf6 49. Ra6 Ng4 50. h5 Ne5 51. Nxe5 Kxe5 52. h6 Kf5 53.
h7 Ke5 54. h8=Q+ Kd5 55. Qh5+ Ke4 56. Ra4+ Kd3 57. Qf3+ Kd2 58. Ra2+ Kc1 59.
Qc3+ Kd1 60. Qc2+ Ke1 61. Qe2# 1-0

[Event "XIV Weekend U16"]
[Site "Porto Sant'Elpidio ITA"]
[Date "2011.11.26"]
[Round "4"]
[White "Copponi, Alice"]
[Black "De Paolis, Diego"]
[Result "1/2-1/2"]
[WhiteElo "1563"]
[BlackElo "1551"]
[PlyCount "35"]
[EventDate "2011.11.19"]

1. d4 d5 2. c4 e6 3. Nf3 c6 4. Nc3 Nf6 5. Bg5 Nbd7 6. e3 h6 7. Bh4 Bb4 8. Qb3
Qa5 9. a3 Bxc3+ 10. Qxc3 Qxc3+ 11. bxc3 g5 12. Bg3 Ne4 13. cxd5 exd5 14. c4
Nxg3 15. hxg3 g4 16. Nd2 dxc4 17. Nxc4 c5 18. Nd6+ 1/2-1/2

[Event "XIV Weekend U16"]
[Site "Porto Sant'Elpidio ITA"]
[Date "2011.11.26"]
[Round "4"]
[White "Graziosi Spantigati, Lorenzo"]
[Black "Cocciaretto, Luca"]
[Result "0-1"]
[WhiteElo "1458"]
[BlackElo "1548"]
[PlyCount "118"]
[EventDate "2011.11.19"]

1. e4 c5 2. Nc3 d6 3. Bc4 Nf6 4. d3 a6 5. a3 e6 6. Bg5 Be7 7. Nh3 Nbd7 8. Bxf6
Nxf6 9. f4 b5 10. Ba2 Bb7 11. Nf2 Qc7 12. Rc1 Rc8 13. Ng4 h5 14. Nxf6+ Bxf6 15.
g4 hxg4 16. Qxg4 Ke7 17. f5 Rh4 18. Qf3 c4 19. Ke2 Rch8 20. h3 d5 21. exd5 Qe5+
22. Ne4 exd5 23. Rce1 dxe4 24. dxe4 Qxe4+ 25. Qxe4+ Rxe4+ 26. Kd2 Rd8+ 27. Kc1
Bg5+ 28. Kb1 Rxe1+ 29. Rxe1+ Kf6 30. c3 Bh4 31. Rg1 Be4+ 32. Ka1 Bxf5 33. b3
Re8 34. Rg2 cxb3 35. Bxb3 Re1+ 36. Ka2 Rf1 37. a4 Rf2+ 38. Rxf2 Bxf2 39. axb5
axb5 40. Ka3 Bc5+ 41. Kb2 b4 42. c4 Bxh3 43. Kc2 g5 44. Kd2 g4 45. Bd1 g3 46.
Bf3 g2 47. Bxg2 Bxg2 48. Kc2 Ke5 49. Kb3 f5 50. Ka4 f4 51. Kb5 f3 52. Kxc5 f2
53. Kxb4 f1=Q 54. c5 Kd4 55. c6 Qb1+ 56. Ka4 Bxc6+ 57. Ka3 Bd5 58. Ka4 Kc4 59.
Ka5 Qb5# 0-1

[Event "XIV Weekend U16"]
[Site "Porto Sant'Elpidio ITA"]
[Date "2011.11.27"]
[Round "5"]
[White "De Paolis, Diego"]
[Black "Giacobbi, Alessio"]
[Result "1-0"]
[WhiteElo "1551"]
[BlackElo "1308"]
[PlyCount "53"]
[EventDate "2011.11.19"]

1. e4 e5 2. Nf3 Nc6 3. d4 d6 4. Bb5 Bg4 5. d5 Qd7 6. dxc6 bxc6 7. Bc4 Nf6 8. h3
Be6 9. Bb3 Nxe4 10. Nbd2 Nc5 11. Bxe6 fxe6 12. Ng5 d5 13. b3 Rd8 14. Bb2 d4 15.
Nc4 d3 16. O-O Qe7 17. Nf3 dxc2 18. Qxc2 e4 19. Nfe5 Nd3 20. Nxc6 Qd7 21. Nxd8
Qxd8 22. Rad1 Bc5 23. b4 Bxb4 24. Qa4+ Kf8 25. Rxd3 Qxd3 26. Qxb4+ Kf7 27. Ne5+
1-0

[Event "XIV Weekend U16"]
[Site "Porto Sant'Elpidio ITA"]
[Date "2011.11.27"]
[Round "6"]
[White "Cocciaretto, Alessia"]
[Black "Giacobbi, Alessio"]
[Result "1-0"]
[WhiteElo "1407"]
[BlackElo "1308"]
[PlyCount "37"]
[EventDate "2011.11.19"]

1. e4 e5 2. Nf3 Nf6 3. d3 Nc6 4. Nc3 Bb4 5. Bd2 Bxc3 6. Bxc3 d6 7. h3 Be6 8.
Be2 O-O 9. O-O Qe7 10. Qd2 Rad8 11. Qe3 b6 12. d4 exd4 13. Nxd4 d5 14. Nxc6 Qd6
15. Nxd8 Rxd8 16. e5 Qc6 17. exf6 g6 18. Qh6 g5 19. Qg7# 1-0

[Event "XIV Weekend U16"]
[Site "Porto Sant'Elpidio ITA"]
[Date "2011.11.27"]
[Round "6"]
[White "Di Sante, Alessandro"]
[Black "Cocciaretto, Luca"]
[Result "1/2-1/2"]
[WhiteElo "1299"]
[BlackElo "1548"]
[PlyCount "163"]
[EventDate "2011.11.19"]

1. e4 c5 2. Nf3 d6 3. Be2 Nf6 4. Nc3 a6 5. Bc4 e6 6. d3 Nbd7 7. Be3 b5 8. Bb3
Bb7 9. O-O Be7 10. Re1 Qc7 11. d4 cxd4 12. Bxd4 O-O 13. e5 dxe5 14. Bxe5 Nxe5
15. Rxe5 Bd6 16. Re3 Bxf3 17. Rxf3 Bxh2+ 18. Kh1 Rfd8 19. Rd3 Rxd3 20. Qxd3 Rd8
21. Qf1 Bd6 22. Ne4 Nxe4 23. Re1 Nf6 24. a4 bxa4 25. Bxa4 Bb4 26. Re2 Qd6 27.
g3 Qd1 28. Qxd1 Rxd1+ 29. Kg2 g6 30. c3 Bc5 31. Bxd1 Kg7 32. b4 Be7 33. Kf3 g5
34. g4 Kg6 35. Kg3 h5 36. gxh5+ Nxh5+ 37. Kg4 f5+ 38. Kh3 Nf4+ 39. Kg3 Nxe2+
40. Bxe2 Bf6 41. Bxa6 Bxc3 42. b5 Bd4 43. f4 Kf6 44. fxg5+ Kxg5 45. Kf3 e5 46.
Bb7 e4+ 47. Ke2 Kf4 48. Kd2 Kf3 49. Ke1 f4 50. Kd2 Bb6 51. Ke1 Ke3 52. Kf1 f3
53. Ke1 f2+ 54. Kf1 Kd3 55. Bc6 e3 56. Bf3 Kc4 57. Ke2 Kxb5 58. Kf1 Kc5 59. Ke2
Kd4 60. Kf1 Ke5 61. Be2 Ke4 62. Bd1 Kf4 63. Be2 Kg3 64. Bd1 Kh2 65. Be2 Bc5 66.
Bd1 Kg3 67. Be2 Kf4 68. Bd1 Ke5 69. Be2 Kd4 70. Bf3 Kc3 71. Be2 Kd2 72. Bf3 Bd4
73. Be2 Bc5 74. Bf3 e2+ 75. Bxe2 Ke3 76. Bd1 Kd2 77. Be2 Bd4 78. Bf3 Ke3 79.
Be2 Bc5 80. Bd1 Bd6 81. Be2 Bg3 82. Bd1 1/2-1/2

[Event "V Weekend A"]
[Site "Recco ITA"]
[Date "2011.11.26"]
[Round "3"]
[White "Di Paolo, Raffaele"]
[Black "Petkov, Vladimir"]
[Result "1-0"]
[WhiteElo "2295"]
[BlackElo "2542"]
[PlyCount "129"]
[EventDate "2011.11.25"]

1. e4 e5 2. Nf3 Nc6 3. Bb5 Nf6 4. O-O Nxe4 5. d4 Nd6 6. Bxc6 dxc6 7. dxe5 Nf5
8. Qxd8+ Kxd8 9. Nc3 Ke8 10. b3 h5 11. Bb2 Be7 12. Ne4 Be6 13. c4 a5 14. a4 Rh6
15. Nfg5 Bd7 16. Rad1 Rd8 17. Rfe1 Bc8 18. Rxd8+ Bxd8 19. f4 b6 20. Nf3 Re6 21.
Kf2 Kf8 22. Rd1 Re8 23. Ba3+ Kg8 24. Ng3 Nxg3 25. Kxg3 c5 26. Rd2 Bf5 27. Bb2
Be7 28. Nh4 Bc8 29. Bc3 Kh7 30. Nf3 Rg8 31. Kf2 Kg6 32. Ne1 Kf5 33. g3 h4 34.
Ng2 hxg3+ 35. hxg3 Rh8 36. Re2 Bd8 37. e6 Bxe6 38. Bxg7 Rh1 39. Bb2 Kg4 40.
Ne3+ Kh3 41. Kf3 Rg1 42. f5 Rxg3+ 43. Ke4 Bd7 44. Be5 Bc6+ 45. Kd3 Bf3 46. Rf2
Bh4 47. Nf1 Bd1+ 48. Bxg3 Bxg3 49. Nxg3 Kxg3 50. Rf1 Bf3 51. Ke3 Bg2 52. Rg1 f6
53. Ke2 Kh3 54. Kd3 Kg3 55. Ke3 c6 56. Ke2 Kh3 57. Kd3 Kh2 58. Re1 Bh3 59. Ke4
Kg3 60. Rg1+ Bg2+ 61. Ke3 Kh2 62. Kf2 Be4 63. Rg4 Bxf5 64. Rh4+ Bh3 65. Rh6 1-0

[Event "IV Festival Dioscuri A"]
[Site "Agrigento ITA"]
[Date "2011.09.04"]
[Round "1"]
[White "Fabiano, Giuseppe"]
[Black "Marzaduri, Marco R."]
[WhiteElo "2120"]
[BlackElo "1766"]
[Result "0-1"]
[PlyCount "46"]
[EventDate "2011.11.04"]

1. Nf3 c5 2. c4 Nc6 3. Nc3 e6 4. g3 d5 5. cxd5 exd5 6. d4 Nf6 7. Bg2 Bf5 8. O-O
Be7 9. dxc5 Bxc5 10. Na4 Be7 11. Be3 O-O 12. Rc1 Rc8 13. Nd4 Nxd4 14. Qxd4 b6
15. Bg5 Qd7 16. Rfd1 Bc2 17. Rxc2 Rxc2 18. Nc3 Qf5 19. Bc1 Bc5 20. Qa4 Ng4 21.
Rf1 Rxc1 22. Rxc1 Qxf2+ 23. Kh1 Qg1+ 0-1

[Event "Weekend A"]
[Site "Vittoria ITA"]
[Date "2011.04.30"]
[Round "3"]
[White "Santagati, Alessandro"]
[Black "Sarno, Spartaco"]
[WhiteElo "2178"]
[BlackElo "2332"]
[Result "1-0"]
[PlyCount "85"]
[EventDate "2011.04.29"]

1. d4 Nf6 2. Nf3 g6 3. c4 Bg7 4. Nc3 O-O 5. e4 d6 6. Be2 e5 7. O-O Nc6 8. d5
Ne7 9. Ne1 Ne8 10. Be3 f5 11. f3 f4 12. Bf2 g5 13. c5 Ng6 14. Nd3 Rf7 15. Rc1
Bf6 16. Qc2 Rg7 17. cxd6 Nxd6 18. Nc5 Nf8 19. Ne6 Nxe6 20. dxe6 Bxe6 21. Nb5
Nxb5 22. Bxb5 g4 23. Bc4 Bxc4 24. Qxc4+ Kh8 25. fxg4 Rxg4 26. Qxc7 Qg8 27. Qxb7
Rb8 28. Qa6 Rxg2+ 29. Kh1 Rg6 30. Rg1 Bg5 31. Qa5 Qe6 32. Rc6 Qxc6 33. Qxe5+
Bf6 34. Qxb8+ Kg7 35. Rxg6+ hxg6 36. Qxf4 Bxb2 37. Bxa7 Qa6 38. Qc7+ Kh6 39.
Be3+ Kh5 40. Qc5+ Kg4 41. Qg5+ Kf3 42. Qf4+ Ke2 43. Qf2+ 1-0